Hinduism & the Indian supreme court / (Record no. 169488)

MARC details
000 -LEADER
fixed length control field 00585nam a22001817a 4500
005 - DATE AND TIME OF LATEST TRANSACTION
control field 20191122102602.0
010 ## - LCCN (DPL NO)
LC control number ENG-126965
020 ## - INTERNATIONAL STANDARD BOOK NUMBER
International Standard Book Number 9789383657513
Terms of availability 40.00
035 ## - SYSTEM CONTROL NUMBER
System control number EN-110497
037 ## - SOURCE OF ACQUISITION
Source of stock number/acquisition DBAD/PUB
082 ## - DEWEY DECIMAL CLASSIFICATION NUMBER
Classification number 230.347
100 ## - MAIN ENTRY--PERSONAL NAME
Personal name Sen, Ronojoy
245 ## - TITLE STATEMENT
Title Hinduism & the Indian supreme court /
Statement of responsibility, etc by Challapalli Swaroopa Rani
260 ## - PUBLICATION, DISTRIBUTION, ETC. (IMPRINT)
Place of publication, distribution, etc New Delhi
Name of publisher, distributor, etc Critical Quest
Date of publication, distribution, etc 2019
270 ## - ADDRESS
Address 420, G/Block, Phase VI , Aya Nagar
City New Delhi
Postal code 110047
Telephone number 9910036543
Electronic mail address criticalquest@gmail.com
300 ## - PHYSICAL DESCRIPTION
Extent 48p.
Dimensions 20cm(pbk)
942 ## - ADDED ENTRY ELEMENTS (KOHA)
Source of classification or shelving scheme Dewey Decimal Classification
Item type English Books
Classification part 230.347
Call number suffix SEN
Holdings
Withdrawn status Lost status Not for loan Collection code Home library Current library Date acquired Source of acquisition Cost, normal purchase price Full call number Barcode Copy number Cost, replacement price Koha item type
      Non-fiction Ashok Vihar Ashok Vihar 21/11/2019 DBAD/PUB 40.00 230.347 SEN EN-110497 1 40.00 English Books

© Delhi Public Library
Hit Counter
free hit counter